00637nam a2200205Ia 450000500170000000800410001702000180005804100080007608200150008410000210009924500250012026000380014530000090018350000280019265000360022070000210025694200070027799900170028495201300030120251120191249.0230125s9999 xx 000 0 und d a81-7649-336-8 aeng a158.1bGRE aGreene R9215182 aThe 48 laws of power c2007bViva publicationaNew Delhi a195p aPersonality Development aPersonality Development9213420 aGreene R9215182 cDB c92727d92727 00104070aHIMRbHIMRd2007-01-15eSatya Gilanio158.1 GRE DB1192pHIMR-DB-1192r2023-01-25 00:00:00w2007-01-15yDBzDB1192